[Event "DVM U20 2010"]
[Site "Osnabrück GER"]
[Date "2010.12.29"]
[Round "6"]
[White "Langmann, Markus"]
[Black "Sistig, Max"]
[Result "1-0"]
[Termination "normal"]
[Board "4.5"]
[WhiteElo "1922"]
[BlackElo "1932"]
[WhiteTeam "Koenigsspringer SC 1984"]
[BlackTeam "SG Porz"]
[PlyCount "95"]
[WhiteFideId "24651281"]
[BlackFideId "1270582"]
[EventCountry "GER"]
[EventRounds "7"]
[EventType "team-swiss"]
[EventDate "2010.12.26"]

1. e4 c5 2. c3 b6 3. d4 Bb7 4. Bd3 cxd4 5. cxd4 Nf6 6. Nc3 e6 7. Nf3 Be7 8. O-O
d6 9. Qe2 Nbd7 10. a3 a6 11. Re1 b5 12. b4 Rc8 13. Bd2 Nb6 14. e5 Nfd5 15. Ne4
Nc4 16. Bg5 Bxg5 17. Nfxg5 dxe5 18. Qf3 Nf6 19. Nxf6+ gxf6 20. Qxb7 fxg5 21.
Qxa6 O-O 22. Qxb5 Nb2 23. Rxe5 f6 24. Re3 Qxd4 25. Rae1 Rc3 26. Bf1 Rxe3 27.
Rxe3 Nd1 28. Qd3 Qxd3 29. Rxd3 Nb2 30. Rd2 Na4 31. Bc4 Kg7 32. Bxe6 Nc3 33. g4
f5 34. Bxf5 Ra8 35. Rd7+ Kf6 36. Rd6+ Ke5 37. Re6+ Kf4 38. Kg2 Rxa3 39. Re3 h5
40. h3 h4 41. b5 Rb3 42. b6 Rxb6 43. Rxc3 Rb4 44. Rc5 Rb6 45. Bc2 Rf6 46. Rf5+
Rxf5 47. gxf5 Ke5 48. Kf3 1-0

[Event "DVM U20 2010"]
[Site "Osnabrück GER"]
[Date "2010.12.29"]
[Round "6"]
[White "Karmann, Anna"]
[Black "Stanau, Guido"]
[Result "1-0"]
[Termination "normal"]
[Board "4.6"]
[WhiteElo "1935"]
[BlackElo "1988"]
[WhiteTeam "SG Porz"]
[BlackTeam "Koenigsspringer SC 1984"]
[PlyCount "117"]
[WhiteFideId "24648000"]
[BlackFideId "24692255"]
[EventCountry "GER"]
[EventRounds "7"]
[EventType "team-swiss"]
[EventDate "2010.12.26"]

1. c4 Nf6 2. Nf3 d6 3. g3 e5 4. Bg2 g6 5. O-O Bg7 6. d3 O-O 7. Nc3 a5 8. Qc2 c6
9. e4 h6 10. h3 Na6 11. a3 Nc5 12. Be3 Ne6 13. d4 Nd7 14. Rad1 Qc7 15. d5 Nec5
16. dxc6 bxc6 17. b4 axb4 18. axb4 Na6 19. b5 Nac5 20. Qd2 Ra3 21. bxc6 Qxc6
22. Nd5 Kh7 23. Ne7 Qa4 24. Qxd6 Qa7 25. Nc6 Qb6 26. Rb1 Nxe4 27. Qxf8 Bxf8 28.
Bxb6 Nxg3 29. Rfd1 Nxb6 30. Rxb6 e4 31. Nfd4 Nf5 32. Rb8 e3 33. fxe3 Nxe3 34.
Rdb1 Ra2 35. R8b2 Ra3 36. Rb3 Rxb3 37. Rxb3 Nxc4 38. Rb8 Nd6 39. Nb5 Nxb5 40.
Rxc8 Kg7 41. Kf1 Nd6 42. Rb8 Nf5 43. Ke2 Bd6 44. Rb7 Bf8 45. Bd5 Nd6 46. Ra7
Kf6 47. Rd7 g5 48. Rd8 Kg7 49. Ne5 Nf5 50. Rd7 Ne7 51. Bb3 f5 52. Nc6 Kf6 53.
Rd6+ Kg7 54. Nxe7 Bxe7 55. Re6 Bf6 56. Bc2 f4 57. Kf3 h5 58. Ra6 Be7 59. Ke4
1-0

[Event "DVM U20 2010"]
[Site "Osnabrück GER"]
[Date "2010.12.29"]
[Round "6"]
[White "Meier, Lars"]
[Black "Fuhrmann, Max"]
[Result "1/2-1/2"]
[Termination "normal"]
[Board "5.1"]
[WhiteElo "1978"]
[BlackElo "2147"]
[WhiteTeam "SK Gründau"]
[BlackTeam "SK Kelheim 1920"]
[PlyCount "65"]
[WhiteFideId "24602396"]
[BlackFideId "24620114"]
[EventCountry "GER"]
[EventRounds "7"]
[EventType "team-swiss"]
[EventDate "2010.12.26"]

1. e4 c6 2. d4 d5 3. e5 c5 4. c3 Nc6 5. Bb5 Qc7 6. Ne2 Bf5 7. O-O e6 8. f4 a6
9. Bxc6+ Qxc6 10. Ng3 Bxb1 11. Rxb1 g6 12. Be3 Nh6 13. Kh1 Be7 14. Qf3 Kd7 15.
Ne2 Nf5 16. g4 Nxe3 17. Qxe3 h5 18. f5 hxg4 19. fxg6 fxg6 20. Rf7 Raf8 21. Rbf1
Rxf7 22. Rxf7 Rf8 23. Rxf8 Bxf8 24. Qf2 Be7 25. Nf4 cxd4 26. cxd4 Qc1+ 27. Kg2
Qb1 28. Kg3 Qe4 29. a3 Bg5 30. Kxg4 Qf5+ 31. Kg3 Ke8 32. Qf3 Bxf4+ 33. Qxf4
1/2-1/2

[Event "DVM U20 2010"]
[Site "Osnabrück GER"]
[Date "2010.12.29"]
[Round "6"]
[White "Eibl, Maximilian"]
[Black "Schulte, Marius"]
[Result "1-0"]
[Termination "normal"]
[Board "5.2"]
[WhiteElo "2121"]
[BlackElo "1891"]
[WhiteTeam "SK Kelheim 1920"]
[BlackTeam "SK Gründau"]
[PlyCount "41"]
[WhiteFideId "24620092"]
[BlackFideId "24682470"]
[EventCountry "GER"]
[EventRounds "7"]
[EventType "team-swiss"]
[EventDate "2010.12.26"]

1. e4 d5 2. exd5 Qxd5 3. Nc3 Qd6 4. d4 Nf6 5. Bc4 a6 6. Bb3 Nc6 7. Nge2 Bg4 8.
f3 Bf5 9. Bf4 e5 10. dxe5 Nxe5 11. Qd4 Nfd7 12. O-O-O Be7 13. Qa4 Qc6 14. Nd4
b5 15. Nxc6 bxa4 16. Nxe7 Kxe7 17. Bxa4 c6 18. Bxe5 Nxe5 19. Rhe1 Kf6 20. Bxc6
Rad8 21. Nd5+ 1-0

[Event "DVM U20 2010"]
[Site "Osnabrück GER"]
[Date "2010.12.29"]
[Round "6"]
[White "Hahn, Florian"]
[Black "Bräutigam, Markus"]
[Result "1-0"]
[Termination "normal"]
[Board "5.3"]
[WhiteElo "2033"]
[BlackElo "1731"]
[WhiteTeam "SK Gründau"]
[BlackTeam "SK Kelheim 1920"]
[PlyCount "113"]
[WhiteFideId "24659720"]
[BlackFideId "24620076"]
[EventCountry "GER"]
[EventRounds "7"]
[EventType "team-swiss"]
[EventDate "2010.12.26"]

1. c4 Nf6 2. g3 e6 3. Nf3 d5 4. d4 Be7 5. Bg2 O-O 6. Qc2 b6 7. O-O Bb7 8. Ne5
c5 9. dxc5 Bxc5 10. Nc3 Nbd7 11. Nxd7 Qxd7 12. Bg5 Ne4 13. Nxe4 dxe4 14. Bxe4
Bxe4 15. Qxe4 Qd4 16. Qc2 Qg4 17. Bf4 Rfd8 18. Rad1 Rac8 19. b3 Qg6 20. Qxg6
hxg6 21. Be5 f6 22. Bb2 Kf7 23. e3 Ke7 24. Kg2 Kf7 25. Kf3 Ke7 26. Ke2 g5 27.
Rxd8 Rxd8 28. Rd1 Rh8 29. Rh1 g4 30. f3 gxf3+ 31. Kxf3 Rd8 32. Ke2 Bb4 33. Rd1
Rh8 34. h4 Bd6 35. Kf3 Rh6 36. Rd4 Be5 37. Ba3+ Ke8 38. Rd1 Rh5 39. e4 Bc7 40.
Bb2 Ra5 41. a3 Rh5 42. b4 Ke7 43. Bd4 Rh8 44. Be3 Rd8 45. Rxd8 Bxd8 46. e5 Kf7
47. exf6 gxf6 48. Ke4 f5+ 49. Kf3 e5 50. g4 Bxh4 51. gxf5 Bf6 52. Ke4 Bg7 53.
a4 Kf6 54. c5 bxc5 55. bxc5 Bf8 56. c6 Bd6 57. Bxa7 1-0

[Event "DVM U20 2010"]
[Site "Osnabrück GER"]
[Date "2010.12.29"]
[Round "6"]
[White "Arnold, Sebastian"]
[Black "Tautz, Hendrik"]
[Result "0-1"]
[Termination "normal"]
[Board "5.4"]
[WhiteElo "1752"]
[BlackElo "1751"]
[WhiteTeam "SK Kelheim 1920"]
[BlackTeam "SK Gründau"]
[PlyCount "90"]
[WhiteFideId "24692603"]
[BlackFideId "4677536"]
[EventCountry "GER"]
[EventRounds "7"]
[EventType "team-swiss"]
[EventDate "2010.12.26"]

1. e4 c5 2. Nf3 e6 3. d4 cxd4 4. Nxd4 a6 5. Nc3 Qc7 6. Be3 b6 7. Bd3 Bb7 8. O-O
Nf6 9. f4 d6 10. Qf3 Nbd7 11. g4 h6 12. g5 hxg5 13. fxg5 Ne5 14. Qg3 Nfg4 15.
h3 Nxe3 16. Qxe3 Be7 17. Kg2 Rh5 18. Nf3 Nxf3 19. Rxf3 Rxg5+ 20. Kh1 Rh5 21.
Raf1 Bf6 22. Qf2 O-O-O 23. Qe2 Rdh8 24. Bxa6 Rxh3+ 25. Rxh3 Rxh3+ 26. Kg2 Rh6
27. Bxb7+ Kxb7 28. Nb5 Qc5 29. Rf3 Kc6 30. Na7+ Kb7 31. Nb5 Rg6+ 32. Rg3 Rxg3+
33. Kxg3 Bxb2 34. c4 Qe5+ 35. Kg2 d5 36. cxd5 exd5 37. Qf3 Ka6 38. a4 Qxe4 39.
Nc7+ Ka5 40. Nxd5 Qxf3+ 41. Kxf3 Bd4 42. Ke4 Bc5 43. Nc3 Kb4 44. Kd3 Kb3 45.
Ne4 Kxa4 0-1

[Event "DVM U20 2010"]
[Site "Osnabrück GER"]
[Date "2010.12.29"]
[Round "6"]
[White "Kolb, Niklas"]
[Black "Zhou, Wile"]
[Result "1/2-1/2"]
[Termination "normal"]
[Board "5.5"]
[WhiteElo "1634"]
[BlackElo "1719"]
[WhiteTeam "SK Gründau"]
[BlackTeam "SK Kelheim 1920"]
[PlyCount "135"]
[WhiteFideId "24659746"]
[BlackFideId "4695674"]
[EventCountry "GER"]
[EventRounds "7"]
[EventType "team-swiss"]
[EventDate "2010.12.26"]

1. e4 c5 2. Nf3 e6 3. g3 Nc6 4. Bg2 d5 5. exd5 exd5 6. O-O Nf6 7. d3 Be7 8. Bf4
O-O 9. Re1 Be6 10. Ne5 Nxe5 11. Bxe5 Ng4 12. Bc3 Rc8 13. Qf3 Nf6 14. Bxf6 Bxf6
15. c3 Qb6 16. Qe2 g6 17. Na3 Rfe8 18. Qd2 d4 19. c4 Bd7 20. Rab1 Rxe1+ 21.
Qxe1 a5 22. Nc2 Bc6 23. Bxc6 Rxc6 24. Na3 Re6 25. Qd2 Qb4 26. Qxb4 axb4 27. Nc2
Re2 28. Ne1 Bg5 29. Kf1 Re6 30. Nf3 Bf6 31. Nd2 Kf8 32. a4 bxa3 33. bxa3 Ra6
34. Rb3 b6 35. Ne4 Ke7 36. Kg2 Ke6 37. a4 Bd8 38. Ra3 f5 39. Nd2 g5 40. h3 Kf6
41. g4 Bc7 42. gxf5 Kxf5 43. Kf3 Ra8 44. Ne4 h5 45. Ra1 g4+ 46. hxg4+ hxg4+ 47.
Kg2 Be5 48. f3 Rh8 49. fxg4+ Kxg4 50. Nf2+ Kf5 51. Kf3 Ra8 52. Ne4 Ke6 53. Ke2
Kd7 54. Kf3 Rf8+ 55. Ke2 Ra8 56. Kf3 Kc6 57. Ke2 Kb7 58. Kd2 Ka6 59. a5 Kb7 60.
a6+ Rxa6 61. Rxa6 Kxa6 62. Kc2 Bg7 63. Kb3 Ka5 64. Nd6 Bh6 65. Nb7+ Ka6 66. Nd6
Bf4 67. Nb5 Kb7 68. Kc2 1/2-1/2

[Event "DVM U20 2010"]
[Site "Osnabrück GER"]
[Date "2010.12.29"]
[Round "6"]
[White "Pernpeintner, Simon"]
[Black "Felczer, David"]
[Result "0-1"]
[Termination "normal"]
[Board "5.6"]
[WhiteElo "1598"]
[BlackElo "1504"]
[WhiteTeam "SK Kelheim 1920"]
[BlackTeam "SK Gründau"]
[PlyCount "80"]
[WhiteFideId "24673331"]
[BlackFideId "24659738"]
[EventCountry "GER"]
[EventRounds "7"]
[EventType "team-swiss"]
[EventDate "2010.12.26"]

1. e4 c5 2. c3 e6 3. d4 cxd4 4. cxd4 d5 5. e5 Nc6 6. Nf3 Bb4+ 7. Nc3 Nge7 8.
Be2 Ng6 9. O-O Bd7 10. Bd2 O-O 11. a3 Be7 12. Rc1 a6 13. b4 f6 14. exf6 Bxf6
15. Be3 Rc8 16. Na4 Na7 17. Nc5 Rc7 18. Bd3 Nb5 19. Bxg6 hxg6 20. Bf4 Rc8 21.
a4 Be7 22. axb5 Bxc5 23. bxc5 Rxf4 24. b6 Qf6 25. Qd2 Qf5 26. Rfe1 Rf8 27. Rc2
Qh5 28. Re5 Qh6 29. Qe3 R8f5 30. Re2 Rxe5 31. Qxe5 Rf5 32. Qb8+ Kh7 33. Qxb7
Rxf3 34. gxf3 Qc1+ 35. Kg2 Qg5+ 36. Kf1 Bb5 37. Qc7 Qc1+ 38. Kg2 Bxe2 39. b7
Bf1+ 40. Kg3 Qg5# 0-1

[Event "DVM U20 2010"]
[Site "Osnabrück GER"]
[Date "2010.12.29"]
[Round "6"]
[White "Wöllermann, Jan"]
[Black "Neukötter, Max"]
[Result "1/2-1/2"]
[Termination "normal"]
[Board "6.1"]
[WhiteElo "2092"]
[BlackElo "1989"]
[WhiteTeam "Hagener SV"]
[BlackTeam "Schachfreunde Paderborn 2000"]
[PlyCount "142"]
[WhiteFideId "24661155"]
[BlackFideId "24648108"]
[EventCountry "GER"]
[EventRounds "7"]
[EventType "team-swiss"]
[EventDate "2010.12.26"]

1. d4 g6 2. c4 Bg7 3. Nf3 d6 4. g3 Nd7 5. Bg2 e5 6. Nc3 Ne7 7. O-O O-O 8. e4 c6
9. Be3 f5 10. dxe5 Nxe5 11. Nxe5 dxe5 12. Qb3 f4 13. Bc5 Qe8 14. f3 b6 15. Bf2
Be6 16. Qa4 Qc8 17. c5 b5 18. Qc2 g5 19. a4 b4 20. Nb1 fxg3 21. hxg3 Qa6 22.
Nd2 Rad8 23. Rfd1 g4 24. Nf1 b3 25. Qc1 Qe2 26. Re1 Qc2 27. Qxc2 bxc2 28. Ne3
gxf3 29. Bf1 Rd2 30. Bc4 Bxc4 31. Nxc4 Re2 32. Rxe2 fxe2 33. Rc1 Rd8 34. Nd6
Nc8 35. Rxc2 Nxd6 36. cxd6 Rxd6 37. Rxe2 Rd1+ 38. Kg2 Ra1 39. b3 Rb1 40. Bxa7
Rxb3 41. Ra2 Rb7 42. Be3 Bf8 43. a5 c5 44. a6 Ra7 45. Ra5 Kf7 46. Bxc5 Bxc5 47.
Rxc5 Rxa6 48. Rxe5 Ra3 49. Kh3 Ra1 50. Kg4 Kf6 51. Rf5+ Kg6 52. Rf3 Re1 53. Kf4
Kf6 54. g4 Rg1 55. Rf2 h6 56. Rh2 Rf1+ 57. Kg3 Rg1+ 58. Kf3 Rf1+ 59. Rf2 Re1
60. Rh2 Rf1+ 61. Ke2 Rg1 62. Rxh6+ Kg5 63. Re6 Rg3 64. Re8 Kf4 65. Kd2 Ra3 66.
g5 Kxg5 67. Rf8 Kg6 68. Rf1 Kg5 69. e5 Ra5 70. Re1 Kf5 71. e6 Ra8 1/2-1/2

[Event "DVM U20 2010"]
[Site "Osnabrück GER"]
[Date "2010.12.29"]
[Round "6"]
[White "Nonhoff, Marko"]
[Black "Wierum, Colin"]
[Result "0-1"]
[Termination "normal"]
[Board "6.2"]
[WhiteElo "1937"]
[BlackElo "1990"]
[WhiteTeam "Schachfreunde Paderborn 2000"]
[BlackTeam "Hagener SV"]
[PlyCount "50"]
[WhiteFideId "4648269"]
[BlackFideId "24677981"]
[EventCountry "GER"]
[EventRounds "7"]
[EventType "team-swiss"]
[EventDate "2010.12.26"]

1. e4 c5 2. c3 g6 3. d4 cxd4 4. cxd4 d5 5. exd5 Qxd5 6. Nc3 Qa5 7. Nf3 Nf6 8.
Bd2 Bg7 9. Bc4 O-O 10. O-O Nc6 11. h3 a6 12. Re1 Qb4 13. b3 Qd6 14. Be3 b5 15.
Be2 Bb7 16. Qd2 Rfd8 17. Rad1 Rac8 18. Bf4 Qd7 19. Qe3 Nd5 20. Nxd5 Qxd5 21.
Be5 e6 22. a4 Ne7 23. Nh4 Nf5 24. Qg5 Nxh4 25. Bf4 Qxg2+ 0-1

[Event "DVM U20 2010"]
[Site "Osnabrück GER"]
[Date "2010.12.29"]
[Round "6"]
[White "Bonacic, Jascha"]
[Black "Hötte, Philipp"]
[Result "0-1"]
[Termination "normal"]
[Board "6.3"]
[WhiteElo "1845"]
[BlackElo "1901"]
[WhiteTeam "Hagener SV"]
[BlackTeam "Schachfreunde Paderborn 2000"]
[PlyCount "146"]
[WhiteFideId "24647004"]
[BlackFideId "24696390"]
[EventCountry "GER"]
[EventRounds "7"]
[EventType "team-swiss"]
[EventDate "2010.12.26"]

1. e4 c5 2. Nf3 d6 3. d4 cxd4 4. Nxd4 Nf6 5. Nc3 a6 6. Be3 e5 7. Nb3 Be7 8. Be2
Be6 9. O-O Nbd7 10. Qd2 Nb6 11. h3 Nc4 12. Bxc4 Bxc4 13. Rfd1 b5 14. Bg5 Be6
15. Bxf6 gxf6 16. Nd5 Rg8 17. Kh2 a5 18. a4 b4 19. c3 bxc3 20. Qxc3 Rc8 21.
Qxa5 Qxa5 22. Nxa5 Rc2 23. Rf1 f5 24. Ne3 Rxb2 25. exf5 Bc8 26. Nac4 Rb4 27.
Rfd1 Ba6 28. Nxd6+ Kf8 29. Nd5 Rb2 30. Nxe7 Kxe7 31. f6+ Kxf6 32. Ne4+ Kg7 33.
Ra3 Bb7 34. Rg3+ Kh8 35. Rxg8+ Kxg8 36. Nc5 Bc6 37. Nd3 Re2 38. Ra1 f6 39. a5
Ba8 40. Kg3 Rc2 41. Ra3 Kg7 42. a6 Rc4 43. a7 h5 44. f3 h4+ 45. Kf2 Rc2+ 46.
Kf1 Kg6 47. Ra5 Rd2 48. Nb4 Rb2 49. Nd5 Bxd5 50. Rxd5 Ra2 51. Rd7 Kf5 52. Ke1
Kf4 53. Kd1 Kg3 54. Rg7+ Kf2 55. Kc1 f5 56. Kb1 Ra6 57. Kc2 Ra3 58. Rf7 Kxg2
59. Rxf5 Rxa7 60. Rxe5 Kxf3 61. Kd2 Kg3 62. Re3+ Kg2 63. Ke2 Rg7 64. Rf3 Re7+
65. Re3 Rg7 66. Rf3 Rg3 67. Rf2+ Kxh3 68. Kf1 Ra3 69. Kg1 Rg3+ 70. Kh1 Kg4 71.
Rg2 Kf3 72. Rxg3+ hxg3 73. Kg1 g2 0-1

[Event "DVM U20 2010"]
[Site "Osnabrück GER"]
[Date "2010.12.29"]
[Round "6"]
[White "Rethmann, Kristin"]
[Black "Neukötter, Moritz"]
[Result "1/2-1/2"]
[Termination "normal"]
[Board "6.5"]
[WhiteElo "1774"]
[BlackElo "1675"]
[WhiteTeam "Hagener SV"]
[BlackTeam "Schachfreunde Paderborn 2000"]
[PlyCount "63"]
[WhiteFideId "24655805"]
[BlackFideId "24603279"]
[EventCountry "GER"]
[EventRounds "7"]
[EventType "team-swiss"]
[EventDate "2010.12.26"]

1. e4 c5 2. Nf3 Nc6 3. d4 cxd4 4. Nxd4 g6 5. c4 Bg7 6. Be3 Nf6 7. Nc3 O-O 8.
Be2 d6 9. Qd2 Qa5 10. f3 Nxd4 11. Bxd4 Be6 12. O-O Rfc8 13. b3 a6 14. Rfd1 Rc6
15. Rac1 Rac8 16. Rc2 Bd7 17. Rdc1 R6c7 18. Qe3 Qb4 19. Qd3 Bh6 20. Rd1 b5 21.
Bxf6 bxc4 22. bxc4 exf6 23. Nd5 Qc5+ 24. Kh1 Ba4 25. Nxc7 Bxc2 26. Qxc2 Qxc7
27. Rd5 Rb8 28. g3 Qb6 29. f4 Bf8 30. Kg2 Qb2 31. Rd2 Qa3 32. Kf2 1/2-1/2

[Event "DVM U20 2010"]
[Site "Osnabrück GER"]
[Date "2010.12.29"]
[Round "6"]
[White "Gehle, Philipp"]
[Black "Rau, Nikita"]
[Result "1/2-1/2"]
[Termination "normal"]
[Board "6.6"]
[WhiteElo "1497"]
[BlackElo "1593"]
[WhiteTeam "Schachfreunde Paderborn 2000"]
[BlackTeam "Hagener SV"]
[PlyCount "101"]
[BlackFideId "12902543"]
[EventCountry "GER"]
[EventRounds "7"]
[EventType "team-swiss"]
[EventDate "2010.12.26"]

1. e4 d5 2. exd5 Qxd5 3. Nc3 Qa5 4. Bc4 Nf6 5. d3 Bf5 6. Bd2 c6 7. Nd5 Qd8 8.
Nxf6+ exf6 9. Ne2 Bd6 10. O-O O-O 11. Re1 Qc7 12. h3 Nd7 13. Nd4 Bg6 14. Nf3
Ne5 15. Nxe5 Bxe5 16. Rb1 Rad8 17. Be3 Rfe8 18. Bb3 a6 19. Qd2 Qd6 20. Qa5 Bd4
21. Bxd4 Qxd4 22. Qc7 Qb4 23. c3 Qf8 24. Qxb7 Bxd3 25. Rbd1 c5 26. Qc6 Bb5 27.
Rxe8 Rxe8 28. Qd5 Rc8 29. Bc4 h6 30. Bxb5 axb5 31. Qd7 b4 32. Qb5 Rb8 33. Qc4
bxc3 34. Qxc3 Ra8 35. a3 Qe7 36. Rd5 Rc8 37. b4 c4 38. Rd4 Qe2 39. Qd2 Qxd2 40.
Rxd2 Ra8 41. Ra2 c3 42. Kf1 c2 43. Rxc2 Rxa3 44. Rb2 Kf8 45. Ke2 Ke7 46. Kd2
Kd6 47. Kc2 Kc6 48. Rb3 Ra2+ 49. Rb2 Ra3 50. Rb3 Ra2+ 51. Rb2 1/2-1/2

[Event "DVM U20 2010"]
[Site "Osnabrück GER"]
[Date "2010.12.29"]
[Round "6"]
[White "Barbanera, Fabrizio"]
[Black "Moeller, Jeremy"]
[Result "1-0"]
[Termination "normal"]
[Board "7.1"]
[WhiteElo "2115"]
[BlackElo "1846"]
[WhiteTeam "SC Neumühl"]
[BlackTeam "SC 1926 Bendorf"]
[PlyCount "73"]
[WhiteFideId "24657700"]
[BlackFideId "24692913"]
[EventCountry "GER"]
[EventRounds "7"]
[EventType "team-swiss"]
[EventDate "2010.12.26"]

1. e4 e5 2. Nf3 f5 3. Nxe5 Qf6 4. d4 d6 5. Nc4 fxe4 6. Nc3 Qg6 7. Qe2 Nf6 8.
Bf4 Be7 9. O-O-O O-O 10. h3 a6 11. Bh2 b5 12. Nd2 Bb7 13. f3 e3 14. Qxe3 b4 15.
Qe6+ Kh8 16. Bd3 Qe8 17. Nce4 Nbd7 18. Rhe1 Nd5 19. c4 bxc3 20. Nxc3 N7f6 21.
Nde4 Nxc3 22. Nxc3 Qc6 23. Qf5 Bc8 24. Qa5 Bd8 25. Kb1 Rb8 26. Qa3 Nd5 27. Nxd5
Qxd5 28. Be4 Bf5 29. Bxf5 Qxf5+ 30. Qd3 Qd5 31. Bg1 Bf6 32. Qc2 Rb4 33. b3 Rfb8
34. Qe4 Rxb3+ 35. Ka1 Rb1+ 36. Rxb1 Bxd4+ 37. Bxd4 1-0

[Event "DVM U20 2010"]
[Site "Osnabrück GER"]
[Date "2010.12.29"]
[Round "6"]
[White "Schlöffel, Christian"]
[Black "Teichmann, Alexander"]
[Result "1-0"]
[Termination "normal"]
[Board "7.2"]
[WhiteElo "1901"]
[BlackElo "1842"]
[WhiteTeam "SC 1926 Bendorf"]
[BlackTeam "SC Neumühl"]
[PlyCount "91"]
[WhiteFideId "24692921"]
[BlackFideId "24657735"]
[EventCountry "GER"]
[EventRounds "7"]
[EventType "team-swiss"]
[EventDate "2010.12.26"]

1. e4 e6 2. d3 d5 3. Nd2 c5 4. Ngf3 Nc6 5. g3 b6 6. Bg2 Bb7 7. O-O Bd6 8. Re1
Nge7 9. Nf1 Qc7 10. Bg5 d4 11. Bxe7 Bxe7 12. e5 h6 13. h4 g5 14. h5 O-O-O 15.
N1d2 Kb8 16. g4 Nb4 17. Ne4 Nd5 18. a4 Rhf8 19. a5 b5 20. a6 Bc6 21. Qd2 Rd7
22. Qa5 Nb4 23. Qxc7+ Kxc7 24. Re2 Bxe4 25. Rxe4 Kb6 26. Re2 Nxa6 27. c3 dxc3
28. bxc3 Rxd3 29. Rea2 Nb8 30. Rxa7 Rd1+ 31. Rxd1 Kxa7 32. Rb1 Kb6 33. Bf1 b4
34. Nd2 Nc6 35. Nc4+ Kc7 36. cxb4 Nxb4 37. Ra1 Nc6 38. Bg2 Re8 39. Ra6 Nb8 40.
Ra7+ Kd8 41. Nb6 Rf8 42. Rb7 Na6 43. Bc6 Nb4 44. Bb5 f5 45. Na8 fxg4 46. Rb8#
1-0

[Event "DVM U20 2010"]
[Site "Osnabrück GER"]
[Date "2010.12.29"]
[Round "6"]
[White "Gadzali, Kevin"]
[Black "Sydorenko, Sascha"]
[Result "0-1"]
[Termination "normal"]
[Board "7.3"]
[WhiteElo "1687"]
[BlackElo "1824"]
[WhiteTeam "SC Neumühl"]
[BlackTeam "SC 1926 Bendorf"]
[PlyCount "102"]
[WhiteFideId "12926124"]
[EventCountry "GER"]
[EventRounds "7"]
[EventType "team-swiss"]
[EventDate "2010.12.26"]

1. d4 Nf6 2. Nf3 g6 3. c4 Bg7 4. g3 O-O 5. Bg2 c5 6. O-O d6 7. Nc3 a6 8. dxc5
dxc5 9. Qb3 Nbd7 10. Rd1 Qc7 11. Bg5 h6 12. Bxf6 Nxf6 13. Qc2 Bf5 14. e4 Be6
15. Nd5 Nxd5 16. exd5 Bf5 17. Qe2 Rab8 18. Rac1 b5 19. b3 g5 20. Re1 Bf6 21.
Ne5 bxc4 22. Rxc4 e6 23. dxe6 Bxe6 24. Ra4 Bxe5 25. Qxe5 Qxe5 26. Rxe5 c4 27.
Bd5 cxb3 28. axb3 Rb5 29. Rxe6 fxe6 30. Bxe6+ Kg7 31. Bc4 Rbf5 32. Rxa6 Rxf2
33. Ra7+ Kg6 34. Ra1 Rb2 35. g4 Rff2 36. Ra6+ Kg7 37. Ra7+ Kf8 38. Ra8+ Ke7 39.
Ra7+ Kd8 40. Ra8+ Kc7 41. Ra1 Rg2+ 42. Kh1 Rxh2+ 43. Kg1 Rhg2+ 44. Kh1 Rxg4 45.
Re1 Rh4+ 46. Kg1 Kd6 47. Re6+ Kc5 48. Re1 Kd4 49. Rd1+ Ke4 50. Re1+ Kf4 51. Rd1
Rg4+ 0-1

[Event "DVM U20 2010"]
[Site "Osnabrück GER"]
[Date "2010.12.29"]
[Round "6"]
[White "Oser, Kai"]
[Black "Pretz, Dominik"]
[Result "1-0"]
[Termination "normal"]
[Board "7.5"]
[WhiteElo "1622"]
[BlackElo "1539"]
[WhiteTeam "SC Neumühl"]
[BlackTeam "SC 1926 Bendorf"]
[PlyCount "51"]
[WhiteFideId "12927201"]
[BlackFideId "12927210"]
[EventCountry "GER"]
[EventRounds "7"]
[EventType "team-swiss"]
[EventDate "2010.12.26"]

1. e4 e6 2. d4 d5 3. exd5 exd5 4. Bd3 Nf6 5. Nf3 Bd6 6. O-O O-O 7. Bg5 h6 8.
Bh4 Bg4 9. Nbd2 Nbd7 10. c3 Re8 11. Qc2 Qc8 12. Rae1 Rxe1 13. Rxe1 c6 14. Ne5
Qe8 15. f4 a6 16. Nxg4 Qb8 17. Nxf6+ Nxf6 18. Bxf6 gxf6 19. g3 Qc7 20. Nf3 Qd7
21. Bf5 Qc7 22. Qe2 Bf8 23. Nh4 Qd6 24. Qg4+ Kh8 25. Bd3 Bg7 26. Qf5 1-0

[Event "DVM U20 2010"]
[Site "Osnabrück GER"]
[Date "2010.12.29"]
[Round "6"]
[White "Weber, Dirk"]
[Black "Walter, Tim Lucas"]
[Result "1-0"]
[Termination "normal"]
[Board "7.6"]
[WhiteElo "1354"]
[BlackElo "1526"]
[WhiteTeam "SC 1926 Bendorf"]
[BlackTeam "SC Neumühl"]
[PlyCount "117"]
[BlackFideId "12922951"]
[EventCountry "GER"]
[EventRounds "7"]
[EventType "team-swiss"]
[EventDate "2010.12.26"]

1. e4 Nf6 2. Nc3 d6 3. Nf3 e5 4. Bc4 Bg4 5. h3 Bh5 6. d3 Nc6 7. Be3 Be7 8. Qe2
O-O 9. O-O-O Na5 10. g4 Nxc4 11. dxc4 Bg6 12. Nxe5 Nxe4 13. Nxg6 Nxc3 14. Nxe7+
Qxe7 15. bxc3 Qe5 16. Qd3 a6 17. f4 Qa5 18. Kd2 c6 19. Qd4 c5 20. Qd5 b5 21.
Rb1 Qxa2 22. Ra1 Qxc4 23. Qxc4 bxc4 24. Ra4 Ra7 25. Rxc4 Rfa8 26. Ra4 f6 27.
Rha1 Kf7 28. f5 Ke7 29. Bf4 Kd7 30. Kd3 d5 31. Ra5 Kc6 32. Be3 c4+ 33. Kd2 Re7
34. Rxa6+ Rxa6 35. Rxa6+ Kd7 36. Ra7+ Ke8 37. Rxe7+ Kxe7 38. Bc5+ Kf7 39. Ke3
g6 40. Kd4 h5 41. fxg6+ Kxg6 42. gxh5+ Kxh5 43. Kxd5 f5 44. Kxc4 f4 45. Kd5 f3
46. c4 Kg6 47. Bd4 Kf7 48. c5 Ke7 49. c6 Kd8 50. h4 Kc8 51. h5 Kc7 52. h6 f2
53. Bxf2 Kc8 54. c7 Kd7 55. c8=Q+ Kxc8 56. h7 Kb7 57. h8=Q Kc7 58. Qg7+ Kb8 59.
Kc6 1-0

[Event "DVM U20 2010"]
[Site "Osnabrück GER"]
[Date "2010.12.29"]
[Round "6"]
[White "Olbrich, Jakob"]
[Black "Rafayevych, Vilen"]
[Result "1/2-1/2"]
[Termination "normal"]
[Board "8.1"]
[WhiteElo "1794"]
[BlackElo "2059"]
[WhiteTeam "USV TU Dresden"]
[BlackTeam "SG Aufbau Elbe Magdeburg"]
[PlyCount "51"]
[BlackFideId "24673897"]
[EventCountry "GER"]
[EventRounds "7"]
[EventType "team-swiss"]
[EventDate "2010.12.26"]

1. e4 c5 2. Nc3 Nc6 3. f4 g6 4. Nf3 Bg7 5. Bb5 Nd4 6. d3 Nxb5 7. Nxb5 d6 8. O-O
Nf6 9. Qe1 O-O 10. Rb1 a6 11. Nc3 b5 12. Qh4 e6 13. g4 d5 14. g5 Ne8 15. e5 h5
16. Ne2 Bb7 17. Kf2 d4 18. b3 Nc7 19. Ng3 c4 20. bxc4 Bxf3 21. Kxf3 bxc4 22.
Ne4 Qd7 23. Ba3 Rfd8 24. Rg1 cxd3 25. cxd3 Qd5 26. Qf2 1/2-1/2

[Event "DVM U20 2010"]
[Site "Osnabrück GER"]
[Date "2010.12.29"]
[Round "6"]
[White "Schulz, Marcel"]
[Black "Grunwald, Martin"]
[Result "1/2-1/2"]
[Termination "normal"]
[Board "8.2"]
[WhiteElo "1835"]
[BlackElo "1660"]
[WhiteTeam "SG Aufbau Elbe Magdeburg"]
[BlackTeam "USV TU Dresden"]
[PlyCount "66"]
[WhiteFideId "1270585"]
[BlackFideId "1270580"]
[EventCountry "GER"]
[EventRounds "7"]
[EventType "team-swiss"]
[EventDate "2010.12.26"]

1. Nc3 d5 2. e4 e6 3. d3 c5 4. Nf3 Nf6 5. e5 Nfd7 6. g3 Nc6 7. Bf4 h6 8. h4 Be7
9. Bg2 b6 10. Qe2 Bb7 11. Nd1 Qc7 12. c3 O-O-O 13. d4 Rdg8 14. h5 Qd8 15. a3 c4
16. Nd2 Na5 17. a4 g6 18. Rb1 g5 19. Be3 f5 20. exf6 Bxf6 21. b3 cxb3 22. Nxb3
Nc4 23. Nb2 Nxb2 24. Qxb2 Ba6 25. a5 Bd3 26. Ra1 b5 27. a6 Qb6 28. Bf1 Bc4 29.
Kd2 Kc7 30. Nc1 Rb8 31. Nd3 Be7 32. Nb4 Nf6 33. f3 Bxb4 1/2-1/2